Moments sweet and sour : (Record no. 168840)

MARC details
000 -LEADER
fixed length control field 00576nam a22001697a 4500
005 - DATE AND TIME OF LATEST TRANSACTION
control field 20191029144032.0
010 ## - LCCN (DPL NO)
LC control number ENG-126725
020 ## - INTERNATIONAL STANDARD BOOK NUMBER
International Standard Book Number 9789387989436
Terms of availability 120.00
035 ## - SYSTEM CONTROL NUMBER
System control number EN-110257
037 ## - SOURCE OF ACQUISITION
Source of stock number/acquisition DBAD/PUB
082 ## - DEWEY DECIMAL CLASSIFICATION NUMBER
Classification number S
245 ## - TITLE STATEMENT
Title Moments sweet and sour :
Statement of responsibility, etc ed.by Anand Prakash
Remainder of title anthology of contemporary Indian short stories /
260 ## - PUBLICATION, DISTRIBUTION, ETC. (IMPRINT)
Place of publication, distribution, etc New Delhi
Name of publisher, distributor, etc Sahitya Akadmi
Date of publication, distribution, etc 2018
270 ## - ADDRESS
Address Rabindra Bhavan
City 35, Ferozshah Road,New Delhi
Postal code 110001
Telephone number 011-23386626/27/28
Electronic mail address secretary@sahitya.akademi.gov.in
300 ## - PHYSICAL DESCRIPTION
Extent ix;114p.
Dimensions 22cm(pbk)
942 ## - ADDED ENTRY ELEMENTS (KOHA)
Source of classification or shelving scheme Dewey Decimal Classification
Item type English Books
Classification part S
Call number suffix MOM
Holdings
Withdrawn status Lost status Not for loan Collection code Home library Current library Date acquired Source of acquisition Cost, normal purchase price Full call number Barcode Copy number Cost, replacement price Koha item type
    Not For Loan Fiction D.B.Act.Division D.B.Act.Division 29/10/2019 DBAD/PUB 120.00 S MOM EN-110257 1 120.00 English Books

© Delhi Public Library
Hit Counter
free hit counter